000 01111nam a22003617a 4500
001 0005349
003 KOHA_MİRAKIL
005 20260207001442.0
007 ta
008 090603b1997 tu |||gr||||#||||0|tur |
020 _a9753632754
040 _aTR-BiSEU
_btur
_cTR-BiSEU
_erda
041 0 _atur
044 _ctu
050 _aHQ755.8
_b.D56 1997
100 1 _aDinkmeyer, Don.
245 1 _aBiz bir aileyiz/
_cDon Dinkmeyer ; Don Dinkmeyer, Gary D. Mckay; çeviren Gül Önet; resimleyen S. Taşpolatoğlu.
250 _a2.bsk.
264 1 _aİstanbul :
_bYapı Kredi Yayınları
_c1997
300 _a140 sayfa: resimli
336 _ametin
_btxt
_2rdacontent
337 _aaracısız
_bn
_2rdamedia
338 _acilt
_bnc
_2rdacarrier
490 1 _aYapı Kredi yayınları.
490 1 _aDoğan kardeş kitaplığı ;1.
650 0 _aParenting.
_912904
650 0 _aChild reaning.
_912905
650 0 _aEbeveynlik.
_912906
650 0 _aÇocuk yetiştirme.
_912907
830 1 _aYapı Kredi yayınları.
_96222
830 1 _aDoğan kardeş kitaplığı ;1.
_912908
942 _2lcc
_cBK
999 _c5331
_d5331